000 00460nam a2200181Ia 4500
001 631
005 20260306140532.0
008 260306t2003||||xx |||||||||||||| ||spa||
041 _aESP
082 _a128
_bS79
100 _aStein, Edith, 1891-1942
_eAUT
245 0 _aEscritos antropológicos y pedagógicos:
_bmagisterio de vida cristiana, 1926-1933
260 _c2003
300 _a
_c23 cm.
650 _aGEN
654 _aCHU
942 _cLIB
_dJUS
_fJUS
_2ddc
_n
999 _c631
_d631